Ewige Tabelle der 2.Bundesliga - Statistiken

Allgemein
  • Dieses Quiz wurde 945 mal gespielt
  • Das Durchschnittsergebnis liegt bei 75 aus 127
Antwortstatistiken
Platz Punkte Antwort % Korrekt
108 51 Hamburger SV
95%
19 879 Hertha BSC Berlin
93%
14 1038 TSV 1860 München
92%
44 379 Blau-Weiß 90 Berlin
91%
4 1376 SC Fortuna Köln
91%
50 336 FC Schalke 04
90%
92 117 RB Leipzig
90%
79 159 SC Viktoria Köln
90%
1 1554 SpVgg Greuther Fürth
90%
6 1264 Stuttgarter Kickers
90%
87 137 Borussia Dortmund
89%
3 1415 FC St. Pauli
89%
68 202 VfB Stuttgart
89%
35 527 1.FC Köln
88%
15 1022 1.FC Nürnberg
88%
47 357 Eintracht Frankfurt
88%
28 653 FSV Frankfurt
88%
59 238 KSV Holstein Kiel
88%
57 292 VfB Leipzig
88%
95 98 Werder Bremen
88%
5 1322 Hannover 96
87%
52 328 SG Dynamo Dresden
87%
43 388 FC Hansa Rostock
86%
26 719 Fortuna Düsseldorf
86%
103 75 OSV Hannover
85%
7 1260 SC Freiburg
85%
77 173 SV Arminia Hannover
85%
32 568 1.FC Kaiserslautern
84%
60 237 Freiburger FC
84%
13 1056 Arminia Bielefeld
83%
20 851 Eintracht Braunschweig
83%
18 962 1.FSV Mainz 05
82%
2 1481 Alemannia Aachen
82%
33 566 FC Augsburg
82%
63 218 FC Bayern Hof
82%
9 1109 SV Darmstadt 98
82%
25 728 VfL Bochum
82%
73 182 Borussia Mönchengladbach
81%
8 1170 Karlsruher SC
81%
24 748 Rot-Weiß Essen
80%
69 192 Schwarz-Weiß Essen
80%
121 27 1.FC Magdeburg
79%
17 1000 1.FC Saarbrücken
79%
61 236 Bayer 04 Leverkusen
79%
54 322 FC Ingolstadt 04
79%
51 333 VfL Wolfsburg
79%
62 222 1. FC Heidenheim
78%
98 92 ESV Ingolstadt
78%
99 91 MTV Ingolstadt
78%
12 1064 SV Waldhof Mannheim
78%
41 447 SC Paderborn 07
76%
67 211 SSV Jahn Regensburg
76%
11 1094 MSV Duisburg
75%
37 510 Preußen Münster
74%
104 71 SV Wehen Wiesbaden
74%
10 1107 VfL Osnabrück
74%
105 60 TSG 1899 Hoffenheim
73%
38 505 Energie Cottbus
72%
23 757 Kickers Offenbach
72%
115 34 VfR Mannheim
72%
34 540 FC Erzgebirge Aue
71%
31 612 1. FC Union Berlin
69%
48 347 FC Carl Zeiss Jena
69%
107 52 FC Rot-Weiß-Erfurt
68%
39 504 SpVgg Unterhachinng
68%
22 768 Rot-Weiß Oberhausen
67%
30 617 KFC Uerdingen 05
66%
58 261 SV Sandhausen
66%
55 316 Chemnitzer FC
65%
76 175 FV 04 Würzburg
65%
114 34 Hallescher FC
65%
78 163 VfB Lübeck
65%
106 55 Würzburger Kickers
65%
40 461 KSV Hessen Kassel
61%
49 338 Wuppertaler SV
61%
21 841 FC 08 Homburg
59%
83 151 TuS Koblenz
59%
81 154 FSV Zwickau
57%
45 375 Eintracht Trier
56%
66 215 VfB Oldenburg
56%
91 121 VfR Aalen
56%
36 511 SV Meppen
54%
16 1021 SG Wattenscheid 09
52%
29 622 SpVgg Bayreuth
52%
109 47 Bonner SC
51%
53 323 Rot Weiß Ahlen
49%
94 101 Borussia Neunkirchen
45%
27 670 SG Union Solingen
42%
42 430 Tennis Borussia Berlin
39%
90 125 Viktoria Aschaffenburg
39%
86 141 1. FC Schweinfurt
38%
65 216 Wacker Burghausen
38%
84 148 SSV Reutlingen 05
37%
117 31 Sportfreunde Siegen
36%
101 83 DJK Gütersloh
34%
88 134 FC Gütersloh
34%
126 18 SV Babelsberg 03
34%
56 302 Wormatia Worms
33%
71 189 1. SC Göttingen
32%
64 216 Westfalia Herne
32%
102 80 OSC Bremerhaven
31%
70 192 FC Remscheid
28%
80 155 Rot-Weiß Lüdenscheid
28%
116 31 BSV Stahl Brandenburg
26%
110 40 FC Hanau 93
24%
111 40 VfR Heilbronn
24%
123 25 TSV Havelse
21%
100 88 1. FC Mülheim
19%
113 37 TSR Olympia Wilhelmshaven
19%
97 97 1. FC Bocholt
18%
72 185 SV Röchling Völklingen
16%
127 10 Spandauer SV
15%
46 365 SSV Ulm 1846
14%
74 180 VfR Bürstadt
14%
124 25 FSV Salmrohr
13%
89 129 KSV Baunatal
13%
75 178 SC Herford
12%
93 106 SpVgg Erkenschwick
10%
125 19 BSV 07 Schwenningen
9%
96 97 DSC Wanne-Eickel
9%
122 26 HSV Barmbeck-Uhlenhorst
9%
118 31 Eintracht Bad Kreuznach
8%
85 144 FK Pirmasens
8%
112 39 SC Charlottenburg
8%
120 29 TuS Schloß Neuhaus
8%
82 153 Wacker 04 Berlin
8%
119 29 VfB Eppingen
7%
Keine übereinstimmenden Quizze gefunden
Verteilung der Resultate
Anzahl Personen mit jedem Resultat
Perzentil nach korrekt beantworteten Fragen
Ihre Resultats-Entwicklung
Sie haben dieses Quiz noch nicht gespielt